SCP Quiz 1 - Statistics

General Stats
  • This quiz has been taken 38 times
  • The average score is 8 of 15
Answer Stats
Description SCP % Correct
Doctor obsessed with curing “The Pestilence” 049
100%
A Room that consumes everythingthat enters it and turns it into furniture 002
94%
The Key that can open any Lock 005
84%
A sadistic aged man with a pocketdimension 106
84%
A pill that can cure any illness 500
84%
Violent warrior capable of summoningblades, believed to be a figure from The Bible 076
74%
Ever Adapting Reptile 682
74%
Unknowable, potential danger 055
42%
An inverse version of water,Thought to be from another universe 009
35%
Facility under Yellowstone that can resurrectthe entire human race 2000
29%
The Foundation’s biggest source of amnestics 3000
29%
Any information about it gets tak… OH N- 2521
26%
A harness containing logs from another timeline 5000
23%
Alternate Universe’s Foundation Site 1730
16%
Replicate of above SCP 427
13%
No matching quizzes found
Score Distribution
Percent of People with Each Score
Percentile by Number Answered
Your Score History
You have not taken this quiz